Nuevo Método para la Enseñanza Simultánea de la Lectura y Escritura fonético, analítico-sintético

Gespeichert in:
Bibliographische Detailangaben
1. Verfasser: Matte, Claudio
Weitere Verfasser: Carrasco, Marta Osorio, Alvaro Alquinta, Ana María (IllustratorIn)
Format: Buch
Sprache:Spanisch
Erschienen: Santiago de Chile Editorial Universitaria 1986
Ausgabe:72° ed.
Katalog:MANES:  Suchergebnis im Bibliothekskatalog
Schulbuchspezifische Eigenschaften:
Tags: Tag hinzufügen
Keine Tags, Fügen Sie den ersten Tag hinzu!
Hinzugefügt zu:19.01.2020
Geändert in:25.04.2025

MARC

LEADER 00000nam a22000007a 4500
005 20250425101443.0
008 200120b ||||| |||| 00| 0 spa d
040 |a MGM 
561 |5 cl-MGM  |3 T 372.4 M435m 1986 72  |a Chile. Museo Gabriela Mistral  |k MANES 
999 |c 87608  |d 87608 
100 |9 22428  |a Matte, Claudio 
245 |a Nuevo Método para la Enseñanza Simultánea de la Lectura y Escritura fonético, analítico-sintético 
250 |a 72° ed. 
260 |a Santiago de Chile  |b Editorial Universitaria  |c 1986 
300 |a 96 p.  |c 26,3 x 18,4 cm 
546 |a Chile  
690 |a EyL 
691 |a PRI 
700 |9 27938  |a Carrasco, Marta  |e Ilustrador  |9 27939  |a Osorio, Alvaro  |9 27940  |a Alquinta, Ana María 
942 |2 ddc  |c BK 
999 |c manes:87608  |d 87608